000 00559nam a2200193Ia 4500
003 GCL
008 140319s9999 xx 000 0 ara d
040 _aGCL /
_cGCL
082 0 4 _a811.5
_bن ك
100 1 _aنازك سابا يارد
245 1 0 _aكل ماقاله ابن الرومى فى الهجاء /
_cنازك سابا يارد
260 _a[S.N] :
_bدار الساقى ،
_c1988
300 _a620 ص
490 _a
650 0 4 _aالشعر العربى
650 0 4 _aشعر الهجاء
650 0 4 _aابن الرومى
942 _2ddc
_cBK
999 _c54654
_d54654